| 000 | 00614nam a22002177a 4500 | ||
|---|---|---|---|
| 005 | 20170124110124.0 | ||
| 010 | _aA-705763 | ||
| 020 | _c00.00 | ||
| 035 | _aA-705763 | ||
| 037 | _bCen Lib/Ret | ||
| 040 |
_aDPL _bEN |
||
| 082 |
_aS _bSHA |
||
| 100 |
_aSharma, Bulbul _930340 |
||
| 245 |
_aThe perfect woman : _cby Bulbul Sharma _bshort stories / |
||
| 260 |
_bUBSPD _aNew Delhi _c1994 |
||
| 270 |
_bNew Delhi _a5, Ansari Road, Darya Ganj _e110002 |
||
| 300 |
_a128p. : _c20m(Hb) _bill. |
||
| 650 |
_a India -- Fiction _931150 |
||
| 650 |
_aEnglish fiction -- Short stories _931151 |
||
| 942 |
_2ddc _cEN _hS _mSHA |
||
| 999 |
_c131205 _d131205 |
||